000 00788nam a2200217Ii 4500
003 JO-AjNU
008 230606s9999||||xx |||||||||||||| ||und||
020 _a978-1-492-08312-2
040 _aJO-AjNU
_beng
_erda
_cJO-AjNU
041 _aeng
050 1 4 _aQA76.9.2020
100 3 _a Adkins, Hearther, Betsy Beyer, Paul Blankinship, Piotre Lewandowski, Ana Oprea, Adam Stubblefield ,
_eauthor
_96653
245 0 0 _aBuilding Secure & Reliable Systems-Best Practices for Designing, Implementing, and Maintaining Systems
250 _a1ed
264 3 1 _aBosten: OREILLY, 2020
300 _a519p
336 _atext
_btxt
_2rdacontent
337 _aunmediated
_bn
_2rdamedia
338 _avolume
_bnc
_2rdacarrier
650 4 _aBuilding Secure & Reliable Systems- Maintaining Systems
_96654
999 _aE3453
_c3447
_d3447